Statistiken für Alte Autos nach Bildern

Klicken Sie hier um das Quiz zu spielen!

Allgemein

  • Dieses Quiz wurde 331 mal gespielt
  • Das Durchschnittsergebnis liegt bei 7 aus 16

Antwortstatistiken

Antwort% Korrekt
Mini
69%
Citroën 2CV
67%
Opel Manta
67%
Audi 80
66%
BMW 318i
59%
Fiat Panda
52%
Fiat 126
49%
Ford Fiesta
48%
VW Jetta
45%
Opel Kadett
42%
Ford Capri
33%
Renault 4
33%
Citroën DS
28%
Toyota Corolla
28%
Saab 900
24%
VW Derby
13%

Verteilung der Resultate

Perzentil nach korrekt beantworteten Fragen

Anzahl Personen mit jedem Resultat

Ihre Resultats-Entwicklung

Sie haben dieses Quiz noch nicht gespielt